Breve historia de las guerras de Estados Unidos (1898-2020) : desde la guerra Hispano-Americana hasta el siglo XXI /
Tallennettuna:
| Päätekijät: | , |
|---|---|
| Aineistotyyppi: | Elektroninen E-kirja |
| Kieli: | espanja |
| Julkaistu: |
Madrid :
Nowtilus,
[2021]
|
| Sarja: | Breve historia (Ediciones Nowtilus S.L.)
|
| Aiheet: | |
| Linkit: | Digitalia Hispánica |
| Tagit: |
Lisää tagi
Ei tageja, Lisää ensimmäinen tagi!
|
MARC
| LEADER | 00000nam a2200000Ii 4500 | ||
|---|---|---|---|
| 001 | DIGNOWT0439 | ||
| 003 | NyNyDIG | ||
| 006 | m o d | ||
| 007 | cr ||||||||||| | ||
| 008 | 250606s2021 sp ab ob 000 0 spa d | ||
| 035 | |a (OCoLC)1524214924 | ||
| 040 | |a DGITA |b eng |e rda |e pn |c DGITA | ||
| 020 | |a 9788413051727 |q edición digital | ||
| 020 | |z 9788413051703 | ||
| 043 | |a n-us--- | ||
| 050 | 1 | 4 | |a UA23 ebook |
| 100 | 1 | |a Corcoba Fernández, Óscar, |e author. | |
| 245 | 1 | 0 | |a Breve historia de las guerras de Estados Unidos (1898-2020) : |b desde la guerra Hispano-Americana hasta el siglo XXI / |c Óscar Corcoba Fernández, Jorge Martínez López. |
| 264 | 1 | |a Madrid : |b Nowtilus, |c [2021] | |
| 300 | |a 1 online resource : |b illustrations, maps. | ||
| 336 | |a text |b txt |2 rdacontent | ||
| 337 | |a computer |b c |2 rdamedia | ||
| 338 | |a online resource |b cr |2 rdacarrier | ||
| 347 | |a text file |2 rdaft | ||
| 347 | |b EPUB | ||
| 490 | 1 | |a Colección: Breve Historia | |
| 504 | |a Includes bibliographical references. | ||
| 588 | 0 | |a Online resource; title from ePub title page (Digitalia, viewed June 6, 2025) | |
| 651 | 0 | |a United States |x Military history |y 19th century. | |
| 651 | 0 | |a United States |x Military history |y 20th century. | |
| 651 | 0 | |a United States |x Military history |y 21st century. | |
| 700 | 1 | |a Martínez López, Jorge, |e author. | |
| 791 | 2 | |a Digitalia (Firm), |e distributor. | |
| 793 | 0 | |g Digitalia eBook Collection: |a Ediciones Nowtilus | |
| 776 | 0 | 8 | |i Print version: |a Corcoba Fernández, Óscar. |t Breve historia de las guerras de Estados Unidos (1898-2020). |d Madrid : Nowtilus, [2021] |z 9788413051703 |
| 830 | 0 | |a Breve historia (Ediciones Nowtilus S.L.) | |
| 856 | 4 | 0 | |3 Digitalia Hispánica |u https://digitalia.unach.elogim.com/a/171967/ |
| 910 | |a Premium collection: 2025 | ||